00414nam a2200157Ia 4500008004100000020001800041040001900059041001200078082001700090100001600107245004300123260003000166300002400196650001300220850002300233131103s9999 xx 000 0 und d a0 00 171270 5 aLoreto College aEnglish aCHBKb#NAME? aPerkins, Al aHand, hand, fingers, thumbcAl Perkins aNew York bCollins c1970 a25p.b ill.c 22cm. aCHBK - 1 aLCBED/CHBK - 1/PER